Statistics for Very Tricky Analogies

Click here to take the quiz!

General Stats

  • This quiz has been taken 1,068 times
  • The average score is 2 of 15

Answer Stats

HintAnswer% Correct
Australia : Hobart :: The USA : ________Honolulu
45%
Luke Skywalker : Leia :: Oedipus Rex : ___ ______his mother
41%
Osama bin Laden : May Day :: John Adams : ____________ ___Independence Day
35%
Bill Clinton : cigars :: Jason Biggs : _____ ___apple pie
35%
Hong Kong Phooey : the human eye :: Superman : a ________ ______speeding bullet
30%
Yuma, AZ : employment :: Death Valley, CA : _________elevation
11%
August : Rome :: Wednesday : ______Asgard
9%
Orson Welles : Transformers the Movie :: Raul Julia : ______ _______Street Fighter
8%
Alcohol : Cairo :: Camoflage : _____Paris
7%
President Ford : reindeer :: President Cleveland : ______muppet
6%
Microsoft : Janus :: Apple : _______Mercury
4%
Iron Man 3 : oranges :: The Usual Suspects : _____rolls
3%
Plan 9 From Outer Space : Johnny Depp :: The Lion, The Witch, and the Wardrobe : _______ _______Anthony Hopkins
3%
Methuselah : New York :: Goliath : _____Dubai
2%
Michael Bay : your childhood :: Prophet Muhammad : _____Aisha
1%

Score Distribution

Percentile by Number Answered

Percent of People with Each Score

Your Score History

You have not taken this quiz